The Indian mutiny of 1857 : (Record no. 553091)
[ view plain ]
| 000 -LEADER | |
|---|---|
| fixed length control field | 00437nam a22001331i 4500 |
| 082 ## - DEWEY DECIMAL CLASSIFICATION NUMBER | |
| Classification number | 957.0317 |
| Author Mark | SED |
| 100 1# - MAIN ENTRY--PERSONAL NAME | |
| Personal name | Sedgwick, F. R. |
| 9 (RLIN) | 50362 |
| 245 14 - TITLE STATEMENT | |
| Title | The Indian mutiny of 1857 : |
| Remainder of title | a sketch of the principal military events / |
| Statement of responsibility, etc. | by F.R. Sedgwick. |
| 260 ## - PUBLICATION, DISTRIBUTION, ETC. | |
| Place of publication, distribution, etc. | London : |
| Name of publisher, distributor, etc. | Forster Groom, |
| Date of publication, distribution, etc. | 1909. |
| 300 ## - PHYSICAL DESCRIPTION | |
| Extent | 160 p., [5] leaves : |
| Other physical details | 5 maps (in pocket) |
| 526 ## - STUDY PROGRAM INFORMATION NOTE | |
| Program name | 0 |
| Interest level | 0 |
| Reading level | 0 |
| Title point value | 957_031700000000000_SED |
| 650 ## - SUBJECT ADDED ENTRY--TOPICAL TERM | |
| Topical term or geographic name entry element | MCE |
| 9 (RLIN) | 379 |
| 942 ## - ADDED ENTRY ELEMENTS (KOHA) | |
| Source of classification or shelving scheme | |
| Koha item type | Book |
| Withdrawn status | Lost status | Source of classification or shelving scheme | Damaged status | Not for loan | Permanent Location | Current Location | Shelving location | Date acquired | Total Checkouts | Full call number | Barcode | Date last seen | Price effective from | Koha item type |
|---|---|---|---|---|---|---|---|---|---|---|---|---|---|---|
| Military College of Engineering (MCE) | Military College of Engineering (MCE) | 01/29/2015 | 957.0317 SED | MCE-CEI/35 | 01/29/2015 | 01/29/2015 | Book |
